English Football Stadiums - Statistics

General Stats
  • This quiz has been taken 349 times
  • The average score is 36 of 92
Answer Stats
League Team Stadium % Correct
Premier League Arsenal The Emirates
96%
Premier League Liverpool Anfield
91%
Premier League Manchester United Old Trafford
89%
Premier League Chelsea Stamford Bridge
89%
Premier League Aston Villa Villa Park
88%
Premier League Everton Goodison Park
84%
Premier League Newcastle United St. James' Park
84%
EFL League Two Exeter City St. James Park
84%
Premier League Leeds United Elland Road
82%
Premier League Manchester City Etihad Stadium
79%
Premier League Burnley Turf Moor
79%
Premier League West Ham United London Stadium
78%
Premier League Crystal Palace Selhurst Park
78%
Premier League Leicester City King Power Stadium
76%
Premier League Brighton & Hove Albion American Express Community Stadium
74%
Premier League Norwich City Carrow Road
72%
Premier League Southampton Saint Mary's Stadium
72%
Premier League Tottenham Hotspur Tottenham Hotspur Stadium
72%
Premier League Watford Vicarage Road
70%
EFL Championship Fulham Craven Cottage
69%
EFL League One Sunderland Stadium of Light
65%
Premier League Wolverhampton Wanderers Molineux Stadium
63%
EFL Championship Millwall The Den
62%
EFL Championship Bournemouth Vitality Stadium
58%
EFL Championship Nottingham Forest City Ground
57%
EFL Championship Sheffield United Bramall Lane
53%
EFL Championship Queens Park Rangers Kiyan Price Foundation Stadium
53%
EFL Championship Birmingham City St. Andrew's
53%
EFL Championship West Bromwich Albion The Hawthorns
52%
EFL Championship Derby County Pride Park
51%
EFL Championship Blackburn Rovers Ewood Park
50%
EFL League One Charlton Athletic The Valley
50%
EFL Championship Middlesborough Riverside Stadium
47%
EFL Championship Bristol City Ashton Gate
46%
EFL League One Sheffield Wednesday Hillsborough Stadium
46%
Premier League Brentford Brentford Community Stadium
45%
EFL Championship Cardiff City Cardiff City Stadium
45%
EFL Championship Stoke City bet365 Stadium
44%
EFL League One Portsmouth Fratton Park
44%
EFL Championship Luton Town Kenilworth Road
43%
EFL League One Ipswich Town Portman Road
43%
EFL Championship Preston North End Deepdale
42%
EFL Championship Blackpool Bloomfield Road
38%
EFL Championship Barnsley Oakwell
37%
EFL League One Wigan Athletic DW Stadium
36%
EFL League One Rotherham United New York Stadium
31%
EFL League One Milton Keynes Dons Stadium MK
31%
EFL Championship Huddersfield Town The John Smith's Stadium
31%
EFL League One Plymouth Argyle Home Park
30%
EFL League Two Bradford City Valley Parade
28%
EFL Championship Reading Madejski Stadium
27%
EFL League One Oxford United Kassam Stadium
26%
EFL League Two Port Vale Vale Park
24%
EFL League One Wycombe Wanderers Adams Park
23%
EFL League One Burton Albion Pirelli Stadium
23%
EFL League One AFC Wimbledon Plough Lane
23%
EFL League One Bolton Wanderers University of Bolton Stadium
23%
EFL Championship Hull City MKM Stadium
21%
EFL League One Cambridge United Abbey Stadium
18%
EFL League One Lincoln City LNER Stadium
18%
EFL League Two Tranmere Rovers Prenton Park
18%
EFL Championship Swansea City Swansea.com Stadium
18%
EFL League Two Carlisle United Brunton Park
17%
EFL League Two Swindon Town County Ground
17%
EFL Championship Coventry City Coventry Building Society Arena
17%
EFL League Two Bristol Rovers Memorial Stadium
17%
EFL League One Fleetwood Town Highbury Stadium
16%
EFL League Two Oldham Athletic Boundary Park
15%
EFL League One Doncaster Rovers Keepmoat Stadium
15%
EFL League Two Newport County Rodney Parade
15%
EFL League Two Northampton Town Sixfields Stadium
15%
EFL League Two Forest Green Rovers The New Lawn
15%
EFL League One Crewe Alexandria Mornflake Stadium
14%
EFL League Two Leyton Orient The Breyer Group Stadium
14%
EFL Championship Peterborough United Weston Homes Stadium
14%
EFL League Two Walsall Banks's Stadium
12%
EFL League One Gillingham Priestfield Stadium
12%
EFL League Two Salford City Peninsula Stadium
11%
EFL League Two Rochdale Crown Oil Arena
10%
EFL League Two Colchester United JobServe Community Stadium
10%
EFL League One Cheltenham Town Jonny-Rocks Stadium
10%
EFL League One Shrewsbury Town New Meadow
10%
EFL League Two Mansfield Town One Call Stadium
9%
EFL League Two Stevenage Lamex Stadium
8%
EFL League Two Scunthorpe United The Sands Venue Stadium
8%
EFL League Two Hartlepool United Victoria Park
8%
EFL League One Accrington Stanley Crown Ground
7%
EFL League Two Harrogate Town EnviroVent Stadium
7%
EFL League Two Barrow Holker Street
7%
EFL League One Morecambe Mazuma Stadium
7%
EFL League Two Sutton United Gander Green Lane
6%
EFL League Two Crawley Town Broadfield Stadium
5%
No matching quizzes found
Score Distribution
Percent of People with Each Score
Percentile by Number Answered
Your Score History
You have not taken this quiz